000 02586cam a2200325 a 4500
001 3619
003 FISKH
005 20240328135208.0
008 000908s2000 fr 000 0dfre
010 _a 2001318428
020 _a2710309742
035 _a(FrPJT)JTL00052842
040 _aDLC
_cDLC
_beng
_dFISKH
043 _aa-cb---
050 0 0 _aDS554.8
_b.B65 2000
082 _a959.604
100 1 _aBizot, François
245 1 3 _aLe portail /
_cFrançois Bizot ; préface de John Le Carré.
260 _aParis :
_bTable ronde,
_cc2000.
300 _a397 pages :
_billustrations ;
_c21 cm.
520 _a"A literary and historical tour de force: what one man saw and did in a land of pristine beauty on the eve of one of the twentieth century's most barbaric spectacles." "In 1971, Francois Bizot was a young French scholar of Khmer pottery and Buddhist ritual working in rural Cambodia. Now, more than thirty years later, he has summoned up the unbearable memory of that moment, letting us see as never before those years leading inexorably to genocide. Perfectly recalled, indelibly written, The Gate recounts the nightmare of Bizot's arrest and captivity on suspicion of being an American spy, and his nearly miraculous survival as the only Westerner ever to escape a Khmer Rouge prison. It is the story, as well, of Bizot's unlikely friendship with his captor, Douch - a figure today better remembered as a ruthless perpetrator of the then-looming terror, about which Bizot tried, without success, to warn his government." "Bizot's experience to that point would itself have merited report. But upon his return to Cambodia four years later, chance ordained a second remarkable act in this drama. As the sole individual fluent in both French and Khmer, Bizot found himself playing the intermediary in a surreal standoff when the Communist-backed guerillas now ascendant, laid siege to the French Embassy compound in Phnom Penh. Finally it would fall to Bizot to lead the desperate retreat of the colonial population: here he recounts how he helped the remaining Westerners - and any Cambodians he could - to escape the doomed capital."--BOOK JACKET.
600 1 0 _aBizot, François.
650 0 _aCommunism
_zCambodia.
650 0 _aPolitical atrocities
_zCambodia.
651 0 _aCambodia
_xHistory
_y1953-1975.
651 0 _aCambodia
_xHistory
_y1975-1979.
906 _a7
_bcbc
_corigres
_d3
_encip
_f20
_gy-gencatlg
942 _2ddc
_cBK
_n0
999 _c3619
_d3619